00981pam a2200289 a 4500952013700000999001700137001000800154003000400162005001700166008004100183010001700224020002500241020003100266040001900297050002100316082001900337100003100356245002600387260005800413300002400471440001700495500002000512504003000532600004800562906004500610942003600655 00102ddc40708PHILOSOPHYaMESbMEScPHILOSOPHYd2019-02-20g10.00l0o193 SIN/Hp16965r2019-02-20 00:00:00w2019-02-20yBKzU3R4 c19913d199133751048OSt20200612125604.0820806s1983 enk b 001 0 eng  a 82014240  a0192875655 :c$14.50 a0192875647 (pbk.) :c$4.95 aDLCcoclcdDLC00aB2948b.S56 198300a193219bSIN/H aSinger, Peterd1946-9284310aHegel /cPeter Singer aOxford ;aNew York :bOxford University Press,c1983. aix, 97 p. ;c23 cm. 0aPast masters aIncludes index. aBibliography: p. [91]-93.10aHegel, Georg Wilhelm Friedrich,d1770-1831. a7bcbccorignewd1eocipf19gy-gencatlg 2ddccBKh193iSIN/Hk193mSIN/H